अबोल झाली सतार (Record no. 338978)

MARC details
000 -LEADER
fixed length control field 00594nam a2200169Ia 4500
008 - FIXED-LENGTH DATA ELEMENTS--GENERAL INFORMATION
fixed length control field 090711s9999 xx 000 0 und d
082 ## - DEWEY DECIMAL CLASSIFICATION NUMBER
Item number 1931
100 ## - MAIN ENTRY--PERSONAL NAME
Personal name दारव्हेकर पु. व्यं.
245 ## - TITLE STATEMENT
Title अबोल झाली सतार
260 ## - PUBLICATION, DISTRIBUTION, ETC. (IMPRINT)
Name of publisher, distributor, etc शिरिष प्रकाशन
Date of publication, distribution, etc 1964
300 ## - PHYSICAL DESCRIPTION
Extent 40
600 ## - SUBJECT ADDED ENTRY--PERSONAL NAME
Personal name दारव्हेकर पु. व्यं.
630 ## - SUBJECT ADDED ENTRY--UNIFORM TITLE
Uniform title अबोल झाली सतार
700 ## - ADDED ENTRY--PERSONAL NAME
Personal name दारव्हेकर पु. व्यं.
730 ## - ADDED ENTRY--UNIFORM TITLE
Uniform title अबोल झाली सतार
942 ## - ADDED ENTRY ELEMENTS (KOHA)
Koha item type Book

No items available.